000 01499nam a2200241Ia 4500
003 Ost
005 20260507075447.0
008 260507s9999||||xx |||||||||||||| ||und||
020 _a93312499579
040 _cfsecg
041 _aara
082 _a510
100 _aالحاوي، حسن محمد
_eمؤلف
245 0 _aالرايضيات الحديثة :
_bالمشتقات،التفاضل الجزئي،الاستكمال،المقاييس الاحصائية /
_c حسن محمد الحاوي
260 _aعمان:
_bدار صفاء,
_c2008
300 _a218 صفحة؛
504 _aبيبليوغرافيا ص.217
520 _aمنذ القدم والرياضيات تعرف بأم العلوم وأطلقوا عليها أسماء كثيرة مثل ملكة العلوم وقيصرة العلوم إلى آخره من الأسماءالتي تبرز دور الرياضيات وأهميتها وأنطلاقا من الأهمية البالغة لهذا العلم الذي يدخل في جميع مناحي الحياة وإن هذه المادة هي متتطلب أجباري لمعظم التخصصات في الجامعات والكليات فقد ضم هذا الكتاب في طياته فصو رئيسية تناولت المواضيع التالية :المشتقات،التفاضل الجزئي،الاستكمال،المقاييس الاحصائية
653 _aالاحصاء
653 _aالاشتقاق
653 _aالرياضيات
942 _cكتاب
999 _c44592
_d44592